000 00644nam a22002177a 4500
003 UA-OsUOA
001 63395
007 ta
008 20091005b un ||||| |||| 00| 0 ukr d
100 _aСюндюков І.
090 _a93
_bС98
942 _cSA
040 _aUA-OsUOA
_bukr
_cUA-OsUOA
_dUA-OsUOA
245 _aШлях великої душі. Махатма Ганді: політик, філософ, лідер. До 140-річчя від дня народженя
300 _aС.5
955 _a0
041 _aukr
080 _a93
773 0 _w63393
650 7 _a9 Географія. Біографії. Історія
_2UDC
999 _c349474
_d349474